<?xml version="1.0" encoding="UTF-8"?>
<record
    xmlns:xsi="http://www.w3.org/2001/XMLSchema-instance"
    xsi:schemaLocation="http://www.loc.gov/MARC21/slim http://www.loc.gov/standards/marcxml/schema/MARC21slim.xsd"
    xmlns="http://www.loc.gov/MARC21/slim">

  <leader>00513nam a2200181   4500</leader>
  <controlfield tag="003">SEACOMMC</controlfield>
  <controlfield tag="005">20250419133707.0</controlfield>
  <controlfield tag="008">240925b        |||||||| |||| 00| 0 eng d</controlfield>
  <datafield tag="020" ind1=" " ind2=" ">
    <subfield code="a">978-81-2241-835-4</subfield>
    <subfield code="c">Rs.225.00</subfield>
  </datafield>
  <datafield tag="040" ind1=" " ind2=" ">
    <subfield code="a">SEACOMMC</subfield>
  </datafield>
  <datafield tag="082" ind1=" " ind2=" ">
    <subfield code="a">363.736</subfield>
    <subfield code="b">R 215</subfield>
  </datafield>
  <datafield tag="100" ind1=" " ind2=" ">
    <subfield code="a">Rao, C.S</subfield>
  </datafield>
  <datafield tag="245" ind1="1" ind2=" ">
    <subfield code="a">Environmental Pollution Control Engineering</subfield>
    <subfield code="c">C. S. Rao</subfield>
  </datafield>
  <datafield tag="250" ind1=" " ind2=" ">
    <subfield code="a">2nd ed.</subfield>
  </datafield>
  <datafield tag="260" ind1=" " ind2=" ">
    <subfield code="a"> New Delhi</subfield>
    <subfield code="b">New Age International </subfield>
    <subfield code="c"> 2006 </subfield>
  </datafield>
  <datafield tag="650" ind1=" " ind2=" ">
    <subfield code="a">Environment -- Hazardous waste management</subfield>
  </datafield>
  <datafield tag="942" ind1=" " ind2=" ">
    <subfield code="c">BOOK</subfield>
  </datafield>
  <datafield tag="952" ind1=" " ind2=" ">
    <subfield code="0">0</subfield>
    <subfield code="1">0</subfield>
    <subfield code="2">ddc</subfield>
    <subfield code="4">0</subfield>
    <subfield code="7">0</subfield>
    <subfield code="a">SEACOMMC</subfield>
    <subfield code="b">SEACOMMC</subfield>
    <subfield code="d">2007-10-04</subfield>
    <subfield code="l">0</subfield>
    <subfield code="o">363.736 R 215</subfield>
    <subfield code="p">M-339</subfield>
    <subfield code="r">2024-09-25 12:20:22</subfield>
    <subfield code="w">2024-09-25</subfield>
    <subfield code="y">BOOK</subfield>
  </datafield>
  <datafield tag="952" ind1=" " ind2=" ">
    <subfield code="0">0</subfield>
    <subfield code="1">0</subfield>
    <subfield code="2">ddc</subfield>
    <subfield code="4">0</subfield>
    <subfield code="7">0</subfield>
    <subfield code="a">SEACOMMC</subfield>
    <subfield code="b">SEACOMMC</subfield>
    <subfield code="d">2007-10-04</subfield>
    <subfield code="l">0</subfield>
    <subfield code="o">363.736 R 215</subfield>
    <subfield code="p">M-340</subfield>
    <subfield code="r">2024-09-25 12:20:53</subfield>
    <subfield code="t">1</subfield>
    <subfield code="w">2024-09-25</subfield>
    <subfield code="y">BOOK</subfield>
  </datafield>
  <datafield tag="952" ind1=" " ind2=" ">
    <subfield code="0">0</subfield>
    <subfield code="1">0</subfield>
    <subfield code="2">ddc</subfield>
    <subfield code="4">0</subfield>
    <subfield code="7">0</subfield>
    <subfield code="a">SEACOMMC</subfield>
    <subfield code="b">SEACOMMC</subfield>
    <subfield code="d">2007-10-04</subfield>
    <subfield code="l">0</subfield>
    <subfield code="o">363.736 R 215</subfield>
    <subfield code="p">M-341</subfield>
    <subfield code="r">2024-09-25 12:20:53</subfield>
    <subfield code="t">2</subfield>
    <subfield code="w">2024-09-25</subfield>
    <subfield code="y">BOOK</subfield>
  </datafield>
  <datafield tag="952" ind1=" " ind2=" ">
    <subfield code="0">0</subfield>
    <subfield code="1">0</subfield>
    <subfield code="2">ddc</subfield>
    <subfield code="4">0</subfield>
    <subfield code="7">0</subfield>
    <subfield code="a">SEACOMMC</subfield>
    <subfield code="b">SEACOMMC</subfield>
    <subfield code="d">2007-10-04</subfield>
    <subfield code="l">0</subfield>
    <subfield code="o">363.736 R 215</subfield>
    <subfield code="p">M-342</subfield>
    <subfield code="r">2024-09-25 12:20:53</subfield>
    <subfield code="t">3</subfield>
    <subfield code="w">2024-09-25</subfield>
    <subfield code="y">BOOK</subfield>
  </datafield>
  <datafield tag="952" ind1=" " ind2=" ">
    <subfield code="0">0</subfield>
    <subfield code="1">0</subfield>
    <subfield code="2">ddc</subfield>
    <subfield code="4">0</subfield>
    <subfield code="7">0</subfield>
    <subfield code="a">SEACOMMC</subfield>
    <subfield code="b">SEACOMMC</subfield>
    <subfield code="d">2007-10-04</subfield>
    <subfield code="l">0</subfield>
    <subfield code="o">363.736 R 215</subfield>
    <subfield code="p">M-343</subfield>
    <subfield code="r">2024-09-25 12:20:53</subfield>
    <subfield code="t">4</subfield>
    <subfield code="w">2024-09-25</subfield>
    <subfield code="y">BOOK</subfield>
  </datafield>
  <datafield tag="999" ind1=" " ind2=" ">
    <subfield code="c">598</subfield>
    <subfield code="d">598</subfield>
  </datafield>
</record>
